000 00367nam a22001217a 4500
999 _c746
_d746
005 20200817160424.0
008 200817b ||||| |||| 00| 0 eng d
020 _a15862
040 _cCML
245 _aConnexions: Standards of Living.
_cBarr, J.
260 _aGreat Britain
_bHazell Watson and Viney Ltd
_c1969
942 _2ddc
_cBK
_e1st Edition
_h329
_mBAR